Statistiques concernant Personnages de fiction par image - V

Cliquez ici pour prendre le quiz!

Statistiques générales

  • Ce quiz a été pris 289 fois
  • Le résultat moyen est 10 sur 16

Statistiques - réponses

Réponse% Correct
Voldemort
97%
Venom
94%
Vera
93%
Vaiana
90%
Vi
89%
Volt
89%
Vegeta
84%
Vision
73%
Vomito
71%
Valkyrie
51%
Vector
51%
Vivi
42%
Violet
31%
Varus
15%
Vega
13%
Vulcain
7%

Distribution des résultats

Percentile par nombre de réponses

% des personnes avec chaque résultat

Votre développement - résultats

Vous n’avez pas pris ce quiz